000 00555nam a2200193 a 4500
001 000044513
003 DO-SdBNP
005 20250409140322.0
008 140704s2010 dr a 000 0 spa d
020 _a9789945472035
040 _aDO-SdBNP
_bspa
_cBNPHU
082 _axxxx
_bxxxx
100 1 _aDuarte, Julio César
_972536
245 1 0 _aAnatomia patológica II :
_bmanual de práctica /
_cJulio César Duarte.
260 _aSanto Domingo :
_bINTEC,
_c2010.
300 _a55 p. :
_bil. ;
_c28 cm.
504 _aBibliografía : p. 55
942 _2ddc
_cLBS1
999 _c44002
_d44002